ბათუმის შოთა რუსთაველის სახელმწიფო უნივერსიტეტის ბიბლიოთეკა

Fehler und fehlerkorrektur. Fernstudieneinheit 19 (ბიბ.ჩანაწერი № 50400)

000 -LEADER
fixed length control field 00520nam a2200217Ia 4500
001 - CONTROL NUMBER
control field 17344
003 - CONTROL NUMBER IDENTIFIER
control field GE_BSU
008 - FIXED-LENGTH DATA ELEMENTS--GENERAL INFORMATION
fixed length control field 181216s||||||||xx |||||||||||||| ||und||
040 ## - CATALOGING SOURCE
Transcribing agency GE_BSU
080 ## - UNIVERSAL DECIMAL CLASSIFICATION NUMBER
Universal Decimal Classification number 811.112
100 ## - MAIN ENTRY--PERSONAL NAME
Personal name Kleppin, Karin
245 ## - TITLE STATEMENT
Title Fehler und fehlerkorrektur. Fernstudieneinheit 19
260 ## - PUBLICATION, DISTRIBUTION, ETC.
Place of publication, distribution, etc. Berlin
260 ## - PUBLICATION, DISTRIBUTION, ETC.
Date of publication, distribution, etc. 1998
300 ## - PHYSICAL DESCRIPTION
Extent 150p.
653 ## - INDEX TERM--UNCONTROLLED
Uncontrolled term Fehler und fehlerkorrektur
653 ## - INDEX TERM--UNCONTROLLED
Uncontrolled term Fernstudieneinheit
653 ## - INDEX TERM--UNCONTROLLED
Uncontrolled term ქსეროქსი
942 ## - ADDED ENTRY ELEMENTS (KOHA)
Koha item type წიგნი
ეგზემპლარები
Withdrawn status Lost status Damaged status Not for loan Date acquired Barcode Date last seen Price effective from Koha item type
        2018-12-17 10 ქსეროქსი 2018-12-17 2018-12-17 წიგნი